Trenerzy Milanu w XXI wieku - Statystyki

Ogólne statystyki
  • Ten quiz został rozwiązany 77 razy
    29 od ostatniego zresetowania
  • Średni wynik to 7 z 16
Statystyki odpowiedzi
Lata Narodowość Trener % Poprawnych
2001-2009 Włochy Carlo Ancelotti
89%
2019-2024 Włochy Stefano Pioli
81%
2024- Portugalia Sergio Conceicao
67%
2014-2015 Włochy Filippo Inzaghi
59%
2017-2019 Włochy Gennaro Gattuso
59%
2010-2014 Włochy Massimiliano Allegri
59%
2024 Portugalia Paulo Fonseca
56%
2014 Holandia Clarence Seedorf
44%
2009-2010 Brazylia Leonardo
44%
2001 Turcja Fatih Terim
33%
2015-2016 Serbia Siniša Mihajlović
33%
2019 Włochy Marco Giampaolo
22%
2016-2017 Włochy Vincenzo Montella
22%
1998-2001 Włochy Alberto Zaccheroni
11%
2016 Włochy Cristian Brocchi
11%
2001 Włochy Mauro Tassotti
7%
Nie znaleziono quizów pasujących do podanych kryteriów
Rozkład punktacji
Procent ludzi z każdym wynikiem
Percentyl według liczby udzielonych odpowiedzi
Twoja historia wyników
Nie rozwiązałeś tego quizu od ostatniego zresetowania